| 000 | 00929nam a2200229Ii 4500 | ||
|---|---|---|---|
| 003 | JO-AjNU | ||
| 008 | 230605s9999||||xx |||||||||||||| ||und|| | ||
| 017 | _a1994/1033 | ||
| 040 |
_aJO-AjNU _bara _erda _cJO-AjNU |
||
| 041 | _aara | ||
| 050 | 1 | 4 | _aHF5653.M3788 1994 |
| 100 | 3 |
_aتأليف: مطر،محمد / م.مشارك: عبدالكريم زواتي، محمد مجيد سليم, _eauthor _916031 |
|
| 245 | 0 | 0 | _aالمحاسبة المتوسطة: دراسة نظرية وتطبيقات عملية |
| 250 | _aط1 | ||
| 264 | 3 | 1 | _aعمان، الكويت: دار حنين ، مكتبة الفلاح، 1994 |
| 300 |
_a348ص _bيحتوي على قاموس المصطلحات و ببلوغرافية من ص 341-348ص |
||
| 336 |
_atext _btxt _2rdacontent |
||
| 337 |
_aunmediated _bn _2rdamedia |
||
| 338 |
_avolume _bnc _2rdacarrier |
||
| 490 | 0 | _aسلسلة كتب المحاسبة؛3 | |
| 650 | 4 |
_aالمحاسبة _916032 |
|
| 999 |
_aA4662 _c8230 _d8230 |
||